Samoa : Technical Assistance Report-Climate Macroeconomic Assessment Program.

Samoa is highly exposed to natural hazards such as tropical cyclones, earthquakes, tsunamis, droughts, and floods. These damage economic growth and impact debt sustainability adversely. Increasing frequency and intensity of coastal storms are likely to amplify damage to infrastructure and livelihood...

Полное описание

Библиографические подробности
Соавтор: International Monetary Fund. Fiscal Affairs Dept
Формат: Журнал
Язык:English
Опубликовано: Washington, D.C. : International Monetary Fund, 2022.
Серии:IMF Staff Country Reports; Country Report ; No. 2022/083
Предметы:
Online-ссылка:Full text available on IMF
LEADER 01760cas a2200289 a 4500
001 AALejournalIMF022540
008 230101c9999 xx r poo 0 0eng d
020 |c 5.00 USD 
020 |z 9798400205569 
022 |a 1934-7685 
040 |a BD-DhAAL  |c BD-DhAAL 
110 2 |a International Monetary Fund.  |b Fiscal Affairs Dept. 
245 1 0 |a Samoa :   |b Technical Assistance Report-Climate Macroeconomic Assessment Program. 
264 1 |a Washington, D.C. :  |b International Monetary Fund,  |c 2022. 
300 |a 1 online resource (62 pages) 
490 1 |a IMF Staff Country Reports 
500 |a <strong>Off-Campus Access:</strong> No User ID or Password Required 
500 |a <strong>On-Campus Access:</strong> No User ID or Password Required 
506 |a Electronic access restricted to authorized BRAC University faculty, staff and students 
520 3 |a Samoa is highly exposed to natural hazards such as tropical cyclones, earthquakes, tsunamis, droughts, and floods. These damage economic growth and impact debt sustainability adversely. Increasing frequency and intensity of coastal storms are likely to amplify damage to infrastructure and livelihoods. Slow-moving climate stresses such as sea level rise and increasing heat hazard are also likely to impact potential growth in the main economic sectors such as agriculture, fisheries, and tourism. 
538 |a Mode of access: Internet 
650 7 |a International Agreements and Observance  |2 imf 
650 7 |a International Organizations  |2 imf 
650 7 |a Monetary Policy  |2 imf 
651 7 |a Samoa  |2 imf 
830 0 |a IMF Staff Country Reports; Country Report ;  |v No. 2022/083 
856 4 0 |z Full text available on IMF  |u http://elibrary.imf.org/view/journals/002/2022/083/002.2022.issue-083-en.xml  |z IMF e-Library